00824 a2200205 4500003000400000005001700004008004100021020001800062040000900080082002000089100001900109245006100128250001100189260003300200300001400233942004600247952016600293952014200459999001700601OSt20260307133359.0260306b |||||||| |||| 00| 0 eng d a9789370984486 coclc a894.8123bBEN/M aBenyamin96438 aMULBERRY ENNODU NINTE ZORBAYEKKURICHU PARAYU /cBENYAMIN a5thEd. aKottayam:bD C Books,c2025. a731 pages 2ddccBKh894.8123iBEN/Mk894.8123mBEN/M 00102ddc40708FICaMESbMEScMALd2026-03-06g499.00l1o894.8123 BEN/Mp46123q2026-06-15r2026-06-01 11:55:15s2026-06-01t1v499.00w2026-03-06yBKzGR25R1 00102ddc40708FICaMESbMEScMALd2026-03-06g499.00l0o894.8123 BEN/Mp46124r2026-03-06 15:43:42t2v499.00w2026-03-06yBKzGR25R1 c44656d44656